Watching the police watch society in Western Kansas (Record no. 49942)

000 -LEADER
fixed length control field 00387pab a2200157 454500
008 - FIXED-LENGTH DATA ELEMENTS--GENERAL INFORMATION
fixed length control field 180718b2001 xxu||||| |||| 00| 0 eng d
100 ## - MAIN ENTRY--PERSONAL NAME
Personal name Nash, Tammy
245 ## - TITLE STATEMENT
Title Watching the police watch society in Western Kansas
260 ## - PUBLICATION, DISTRIBUTION, ETC.
Date of publication, distribution, etc. 2001
300 ## - PHYSICAL DESCRIPTION
Extent p.189-93
650 ## - SUBJECT ADDED ENTRY--TOPICAL TERM
Topical term or geographic name entry element Police
700 ## - ADDED ENTRY--PERSONAL NAME
Personal name Brock, Deon
700 ## - ADDED ENTRY--PERSONAL NAME
Personal name Woydziak, Aangele
773 ## - HOST ITEM ENTRY
Main entry heading Police Journal
909 ## -
-- 49942
Holdings
Withdrawn status Lost status Damaged status Not for loan Permanent Location Current Location Date acquired Serial Enumeration / chronology Barcode Date last seen Price effective from Koha item type
        Indian Institute of Public Administration Indian Institute of Public Administration 2018-07-19 Volume no: 74, Issue no: 3 AR50370 2018-07-19 2018-07-19 Articles

Powered by Koha